logo

Bir Sreshtho Munshi Abdur Rouf Library
Jhenaidah Cadet College

A practical handbook for school counselors / (Record no. 7425)

MARC details
000 -LEADER
fixed length control field 00725cam a22002531 4500
001 - CONTROL NUMBER
JCCL Control Number 7425
003 - CONTROL NUMBER IDENTIFIER
JCCL marc code BD-JhCC
005 - DATE AND TIME OF LATEST TRANSACTION
control field 20180418170934.0
008 - FIXED-LENGTH DATA ELEMENTS--GENERAL INFORMATION
fixed length control field 770712s1949 xx 000 0 eng
035 ## - SYSTEM CONTROL NUMBER
system control number (BD-JhCC)7425
035 ## - SYSTEM CONTROL NUMBER
system control number (OCoLC)3109565
040 ## - CATALOGING SOURCE
Original cataloging agency DLC
Transcribing agency OC
Modifying agency DLC
-- BD-JhCC
041 ## - LANGUAGE CODE
Language code of Book eng
050 00 - LIBRARY OF CONGRESS CALL NUMBER
Classification number LB1027
Item number .E72
082 ## - DEWEY DECIMAL CLASSIFICATION NUMBER
Classification number 371.422
Author mark and Year ERI 1949
100 1# - MAIN ENTRY--PERSONAL NAME
Personal name Erickson, Clifford E.
Fuller form of name (Clifford Eric),
Dates associated with a name 1907-
245 02 - TITLE STATEMENT
Title A practical handbook for school counselors /
Statement of responsibility, etc Clifford E. Erickson,
260 ## - PUBLICATION, DISTRIBUTION, ETC. (IMPRINT)
Place of publication, distribution, etc New York,
Name of publisher, distributor, etc Ronald Press Co.
Date of publication, distribution, etc [1949]
300 ## - PHYSICAL DESCRIPTION
Pagination vii, 224 p.
Other physical details forms.
Dimensions 21 cm.
504 ## - BIBLIOGRAPHY, ETC. NOTE
Bibliography, etc Includes bibliographies.
650 #0 - SUBJECT ADDED ENTRY--TOPICAL TERM
Topical term or geographic name as entry element Educational counseling.
942 ## - ADDED ENTRY ELEMENTS (KOHA)
Source of classification or shelving scheme Dewey Decimal Classification
Koha item type Books
Holdings
Source of classification or shelving scheme Damaged status Not for loan Home library Current library Shelving location Total Checkouts Full call number Barcode Date last seen Copy number Koha item type
Dewey Decimal Classification     JCC Rouf Library JCC Rouf Library General Stacks   371.422 ERI 1949 951 02/10/2018 C - 1 Books

JCC Library | Contacts | JCC Home

Last Update on 23 September 2017
Copyright @ 2017-2020 JCC Rouf Library
Rouf Library, Jhenidah Cadet College (JCC), Bangladesh